| 000 | 01347nam a2200229Ia 4500 | ||
|---|---|---|---|
| 999 |
_c39726 _d39726 |
||
| 001 | 6331 | ||
| 003 | GE_BSU | ||
| 005 | 20191002144931.0 | ||
| 008 | 181216s1964||||ge |||||||||||||| ||geo|| | ||
| 040 | _cGE_BSU | ||
| 041 | _ageo | ||
| 080 | _a821.353.1+821.353.1-92 ბ-27 | ||
| 100 |
_aბარნოვი, ვასილ _94407 |
||
| 245 |
_aთხზულებათა სრული კრებული ათ ტომად ტომი 10 : _bლიტერატურული და პუბლიცისტური წერილები / _cვასილ ბარნოვი ; სარედ. კოლეგია : გიორგი ლეონიძე, რედ. სიმონ ყუბანეიშვილი, მიხეილ ჩიქოვანი. |
||
| 264 |
_aთბილისი : _bლიტერატურ და ხელოვნება ; _c1964. |
||
| 300 |
_a512 გვ. ; _c22 სმ. |
||
| 653 | _aთხზულებანი | ||
| 653 | _aლიტერატურული და პუბლიცისტური წერილები | ||
| 700 |
_aყუბანეიშვილი, სიმონ _eრედაქტორი _94408 |
||
| 700 |
_aჩიქოვანი, მიხეილ _eრედაქტორი _91226 |
||
| 942 |
_cBK _2udc |
||